| 000 | 00807nam a22001817a 4500 | ||
|---|---|---|---|
| 005 | 20241128105317.0 | ||
| 010 | _aHIN-128849 | ||
| 020 |
_a9789385621567 _c400.00 |
||
| 035 | _aHN-101195 | ||
| 037 | _bDBAD | ||
| 082 | _a158.1 | ||
| 100 |
_aढेंगुला,रामस्वरूप _974177 |
||
| 245 |
_aआत्मविश्वास आपकी जीत/ _cरामस्वरूप ढेंगुला |
||
| 260 |
_aनई दिल्ली _bनिशा पब्लिकेशन्स _c2020 |
||
| 270 |
_aजी-11 ए, 4754/23 आकर्षण भवन,अंसारी रोड, दरियागंज, _bदिल्ली _e110002 |
||
| 300 |
_a128 पृ. _c23 सेमी (सजिल्द) |
||
| 942 |
_2ddc _cHN _h158.1 _mढेंगुला |
||
| 999 |
_c207105 _d207105 |
||